000 00296nam a22001337a 4500
008 171018b xxu||||| |||| 00| 0 eng d
020 _a9780393924961
041 _aeng
080 _26 ED
_a338
100 _a53
101 _aMEN
245 _aMANAGMENT ECONOMICS
_cALLEN.W.B
942 _2udc
_cBK
999 _c34592
_d34592